گُلِ نغمہ : (Record no. 106776)

MARC details
000 -LEADER
fixed length control field 00665nam a22002297a 4500
005 - DATE AND TIME OF LATEST TRANSACTION
control field 20170123162317.0
010 ## - LIBRARY OF CONGRESS CONTROL NUMBER
LC control number 884820
020 ## - INTERNATIONAL STANDARD BOOK NUMBER
Terms of availability 00.00
035 ## - SYSTEM CONTROL NUMBER
System control number 884820
037 ## - SOURCE OF ACQUISITION
Source of stock number/acquisition Cen Lib/Ret
040 ## - CATALOGING SOURCE
Original cataloging agency DPL
Language of cataloging UR
082 ## - DEWEY DECIMAL CLASSIFICATION NUMBER
Classification number 841
Item number ز ف ر
100 ## - MAIN ENTRY--PERSONAL NAME
Personal name ظفر
9 (RLIN) 108380
245 ## - TITLE STATEMENT
Title گُلِ نغمہ :
Statement of responsibility, etc ظفر
Remainder of title فراق گوراخپاری /
246 ## - VARYING FORM OF TITLE
Title proper/short title Gul-e-naghma : Firaq Gorakhapuri /
Remainder of title by Zafar
300 ## - PHYSICAL DESCRIPTION
Extent 302p.
Dimensions 21cm(Hb)
650 ## - SUBJECT ADDED ENTRY--TOPICAL TERM
Topical term or geographic name as entry element اردو ادب
Form subdivision
9 (RLIN) 114932
650 ## - SUBJECT ADDED ENTRY--TOPICAL TERM
Topical term or geographic name as entry element اردونظم
9 (RLIN) 114933
650 ## - SUBJECT ADDED ENTRY--TOPICAL TERM
Topical term or geographic name as entry element Urdu literature
9 (RLIN) 114934
650 ## - SUBJECT ADDED ENTRY--TOPICAL TERM
Topical term or geographic name as entry element Urdu poetry
9 (RLIN) 114935
942 ## - ADDED ENTRY ELEMENTS (KOHA)
Source of classification or shelving scheme Dewey Decimal Classification
Koha item type Urdu Bks
Classification part 841
Call number suffix ز ف ر
Holdings
Withdrawn status Lost status Damaged status Not for loan Home library Current library Date acquired Source of acquisition Cost, normal purchase price Total Checkouts Full call number Barcode Date last seen Date checked out Copy number Cost, replacement price Price effective from Koha item type
        Central Library Central Library 29/12/2015 Cen Lib/Ret 0.00 1 841 ز ف ر 884820 10/03/2021 20/02/2021 1 0.00 29/12/2015 Urdu Bks

© Delhi Public Library
Hit Counter
free hit counter